| 000 | 00612nam a22001817a 4500 | ||
|---|---|---|---|
| 003 | OSt | ||
| 005 | 20240530142611.0 | ||
| 008 | 240530b ||||| |||| 00| 0 eng d | ||
| 040 | _cAIMIT LIBRARY | ||
| 100 |
_aDcunha, Jenisha. _e202012 _9168659 |
||
| 245 |
_aApplication on computer vision on gesture games / _cBy Jenisha Dcunha; Guided by Hemalatha N and Ramesh Srinivasan. |
||
| 260 |
_aMangalore _c2022 |
||
| 650 |
_aModel building _9168660 |
||
| 700 |
_aN, Hemalatha. _eGuide _9168661 |
||
| 700 |
_aSrinivasan, Ramesh. _eGuide _9168662 |
||
| 856 |
_3Tata Consultancy Services _ywww.tcs.com |
||
| 942 |
_2ddc _cPRO |
||
| 999 |
_c230978 _d230978 |
||